| 000 | 00485nam a2200169Ia 4500 | ||
|---|---|---|---|
| 003 | GCL | ||
| 008 | 140319s9999 xx 000 0 ara d | ||
| 040 |
_aGCL / _cGCL |
||
| 082 | 0 | 4 |
_aط _b813.01 _bع س |
| 100 | 1 | _aعصمت المسلمانى | |
| 245 | 1 | 0 |
_aالسمكة الذكية / _cعصمت المسلمانى |
| 490 |
_aاجمل القصص _v0 |
||
| 650 | 0 | 4 | _aالقصص القصيرة |
| 650 | 0 | 4 | _aقصص الاطفال |
| 650 | 0 | 4 | _aادب الاطفال |
| 942 |
_2ddc _cBK |
||
| 999 |
_c51002 _d51002 |
||